Psychiatric nursing : (Record no. 400)

MARC details
000 -LEADER
fixed length control field 00824nam a2200265 a 4500
005 - DATE AND TIME OF LATEST TRANSACTION
control field 20260322212018.0
008 - FIXED-LENGTH DATA ELEMENTS--GENERAL INFORMATION
fixed length control field data
010 ## - LIBRARY OF CONGRESS CONTROL NUMBER
LC control number 87007108
020 ## - INTERNATIONAL STANDARD BOOK NUMBER
International Standard Book Number 087434090X (pbk.)
020 ## - INTERNATIONAL STANDARD BOOK NUMBER
International Standard Book Number 9780874340907 (pbk.)
040 ## - CATALOGING SOURCE
Original cataloging agency DNLM/DLC
Transcribing agency DLC
050 1# - LIBRARY OF CONGRESS CALL NUMBER
Classification number RC440
Item number .P754 1987
060 ## - NATIONAL LIBRARY OF MEDICINE CALL NUMBER
Classification number WY 160 P9724
096 ## - LOCALLY ASSIGNED NLM-TYPE CALL NUMBER (OCLC)
Classification number WY 160 P9724 1987
001 - CONTROL NUMBER
control field data
245 00 - TITLE STATEMENT
Title Psychiatric nursing :
Remainder of title case studies, nursing diagnoses, and care plans /
Statement of responsibility, etc. edited by Luc Reginald Pelletier.
260 0# - PUBLICATION, DISTRIBUTION, ETC.
Place of publication, distribution, etc. Springhouse, Pa. :
Name of publisher, distributor, etc. Springhouse Corp.,
Date of publication, distribution, etc. c1987.
300 ## - PHYSICAL DESCRIPTION
Extent x, 484 p. :
Other physical details ill. ;
Dimensions 23 cm.
504 ## - BIBLIOGRAPHY, ETC. NOTE
Bibliography, etc. note Includes bibliographical references and index.
650 #0 - SUBJECT ADDED ENTRY--TOPICAL TERM
Topical term or geographic name entry element Psychiatric nursing.
650 #2 - SUBJECT ADDED ENTRY--TOPICAL TERM
Topical term or geographic name entry element Nursing Assessment.
650 #2 - SUBJECT ADDED ENTRY--TOPICAL TERM
Topical term or geographic name entry element Patient Care Planning.
650 #2 - SUBJECT ADDED ENTRY--TOPICAL TERM
Topical term or geographic name entry element Psychiatric Nursing.
700 1# - ADDED ENTRY--PERSONAL NAME
Personal name Pelletier, Luc Reginald.
Holdings
Withdrawn status Lost status Damaged status Not for loan Home library Current library Shelving location Date acquired Total checkouts Full call number Barcode Date last seen Price effective from Koha item type
        Franklin Franklin General stacks 22/03/2026   RC440 .P754 1987 BC0010410 22/03/2026 22/03/2026 Books